| 000 | 00726nam a2200217 a 4500 | ||
|---|---|---|---|
| 005 | 20210219153446.0 | ||
| 008 | 991125n 000 0 eng u | ||
| 035 | _aUPN01000101087 | ||
| 100 | _aROMISZOWSKI, Alex | ||
| 222 | _aCOMPUTER IN THE SCHOOLS : THE INTERDISCIPLINARY JOURNAL OF PRACTICE, THEORY AND APPLIED RESEARCH | ||
| 245 | _aThe structural communication methodology as a means of teaching George Orwell's Animal Farm : paper and computer-based instruction | ||
| 260 | _aNew York, EUA | ||
| 300 | _a199-226 | ||
| 362 | _a1994 Vol. 10, nos. 1-2 | ||
| 653 | 0 | _aCOMUNICACION | |
| 653 | 0 | _aEAC | |
| 653 | 0 | _aENSEĆANZA | |
| 700 | _aABRAHAMSON, Andrew, coaut. | ||
| 904 |
_aAC _b038898 |
||
| 905 | _aArticulo | ||
| 999 |
_c77432 _d77432 |
||